000 00442nmm a2200157Ia 4500
008 251105s9999||||xx |||||||||||||||||und||
041 _aspa
100 _aWarren, Patricia Nell
245 0 _aEl hijo de Billy
264 _a[Madrid, España] :
_bEditorial Egales,
_c2019
300 _a500 páginas
490 _aNarrativa
650 _aNorth American narrative
856 _uhttps://public.digitaliapublishing.com/a/158156
942 _cCF
999 _c100228
_d100228